|
|
|
|
| LEADER |
00000nam2a2200000 4500 |
| 001 |
167238 |
| 005 |
20231031162736.0 |
| 035 |
|
|
|a (RuTPU)RU\TPU\book\181428
|
| 090 |
|
|
|a 167238
|
| 100 |
|
|
|a 20091014d1963 km y0rusy50 ca
|
| 101 |
0 |
|
|a rus
|
| 102 |
|
|
|a RU
|
| 105 |
|
|
|a y ad 001zy
|
| 200 |
0 |
|
|a Т. 29: Приморский край. Период 1951-1955 гг. Вып. II: Опубликованные работы и обзорные главы
|f Академия наук СССР (АН СССР), Дальневосточный геологический институт ; отв. ред. И. Н. Говоров
|
| 210 |
|
|
|a Владивосток
|d 1963
|
| 215 |
|
|
|a 94 с.
|
| 320 |
|
|
|a Авторский указатель: с. 90.
|
| 320 |
|
|
|a Предметно-систематический указатель: с. 90-91.
|
| 320 |
|
|
|a Географический указатель: с. 91-92.
|
| 320 |
|
|
|a Указатель минералов, полезных ископаемых и месторождений: с. 92-93.
|
| 461 |
|
1 |
|0 (RuTPU)RU\TPU\book\58444
|t Геологическая изученность СССР
|o [обзорные главы, рефераты, аннотации и библиографические справки]
|f Академия Наук СССР, Комиссия по геологической изученности СССР ; гл. ред. Д. В. Наливкин
|v Т. 29: Приморский край. Период 1951-1955 гг. Вып. II: Опубликованные работы и обзорные главы
|d 1961-1988
|
| 610 |
1 |
|
|a геологическая изученность
|
| 610 |
1 |
|
|a СССР
|
| 610 |
1 |
|
|a геологическое районирование
|
| 610 |
1 |
|
|a Дальний Восток
|
| 610 |
1 |
|
|a Приморский край
|
| 610 |
1 |
|
|a геологические исследования
|
| 610 |
1 |
|
|a опубликованные источники
|
| 610 |
1 |
|
|a обзоры
|
| 610 |
1 |
|
|a рефераты
|
| 610 |
1 |
|
|a библиографические пособия
|
| 675 |
|
|
|a 55(571.61/.64)
|v 3
|
| 702 |
|
1 |
|a Говоров
|b И. Н.
|4 340
|
| 712 |
0 |
2 |
|a Академия наук СССР (АН СССР)
|b Дальневосточный геологический институт
|2 stltpush
|3 (RuTPU)RU\TPU\col\13467
|
| 801 |
|
1 |
|a RU
|b 63413507
|c 20091014
|
| 801 |
|
2 |
|a RU
|b 63413507
|c 20100402
|g RCR
|
| 942 |
|
|
|c BK
|